Jedyna pozostała stolica województwa... - Statystyki

Ogólne statystyki
  • Ten quiz został rozwiązany 58 razy
  • Średni wynik to 15 z 18
Statystyki odpowiedzi
Wskazówka Stolica % Poprawnych
Spośród 18 stolic, tylko jedna jest stolicą Polski, która? Warszawa
100%
Najdalej wysunięta na wschód Białystok
92%
Znajduje się w aglomeracji śląskiej Katowice
92%
Najdalej wysunięta na południe Kraków
92%
Najbliżej środka Polski Łódź
92%
Nazwa tej stolicy zaczyna się taką samą literką, jak i nazwa autora tego quizu Poznań
92%
Najbliżej innego państwa Szczecin
92%
Pochodzi stąd Mikołaj Kopernik Toruń
92%
Znana ze swojego majonezu Kielce
90%
Stolica najmniejszego województwa Opole
90%
Najmniejsza pod względem ludności Gorzów Wielkopolski
84%
Pochodzi stamtąd klub piłkarski Motor, występujący w Ekstraklasie Lublin
80%
Ostatnia alfabetycznie Zielona Góra
80%
Nagrywany jest tu polski serial "Lombard. Życie pod zastaw" Wrocław
78%
Najbardziej memiczna stolica Bydgoszcz
76%
Dzielnice tego miasta to m.in. : Chełm, Siedlce Gdańsk
75%
Taką samą nazwę nosi miasto w województwie śląskim Olsztyn
75%
Tablice rejestracyjne zaczynają się na pierwszą literę stolicy Rzeszów
75%
Nie znaleziono quizów pasujących do podanych kryteriów
Rozkład punktacji
Procent ludzi z każdym wynikiem
Percentyl według liczby udzielonych odpowiedzi
Twoja historia wyników
Nie rozwiązałeś tego quizu